[Event "International Championship of Central Se"]
[Site "Paracin, hotel "]
[Date "2012.07.09"]
[Round "4.1"]
[White "Kastelijn, Toine"]
[Black "Popovic, Milan S"]
[Result "1/2-1/2"]
[WhiteElo "1946"]
[BlackElo "2083"]
[PlyCount "40"]
[EventDate "2012.07.06"]

1. d4 Nf6 2. c4 g6 3. Nc3 Bg7 4. e4 d6 5. Nf3 O-O 6. Be2 e5 7. O-O Nc6 8. d5
Ne7 9. Nd2 Ne8 10. b4 f5 11. c5 a6 12. a4 f4 13. Bg4 g5 14. Bxc8 Qxc8 15. f3 h5
16. Nc4 Rf6 17. Ba3 Rg6 18. h3 g4 19. hxg4 hxg4 20. fxg4 Nf6 1/2-1/2

[Event "International Championship of Central Se"]
[Site "Paracin, hotel "]
[Date "2012.07.09"]
[Round "4.2"]
[White "Litvinenko, Ekaterina"]
[Black "Pleshakov, Anton"]
[Result "1-0"]
[WhiteElo "1914"]
[BlackElo "2074"]
[PlyCount "61"]
[EventDate "2012.07.06"]

1. e4 c5 2. Nf3 e6 3. d4 cxd4 4. Nxd4 Nc6 5. Nc3 Qc7 6. g3 Nf6 7. Bg2 a6 8. O-O
Nxd4 9. Qxd4 Bc5 10. Qd3 O-O 11. Bf4 d6 12. Rad1 e5 13. Bg5 Bg4 14. Rd2 Bd4 15.
Bxf6 Bxc3 16. Bxg7 Kxg7 17. bxc3 Rac8 18. c4 Rfd8 19. f4 f6 20. Rdf2 Qc5 21.
Qd5 Qb6 22. Kh1 Rc5 23. Qd2 Rxc4 24. h3 Bh5 25. g4 Be8 26. g5 fxg5 27. fxg5 h6
28. Qd5 Rb4 29. Rf8 Kg6 30. Qe6+ Kh5 31. Bf3+ 1-0

[Event "International Championship of Central Se"]
[Site "Paracin, hotel "]
[Date "2012.07.09"]
[Round "4.4"]
[White "Zajic, Milun"]
[Black "Stojkovic, Zoran"]
[Result "1-0"]
[WhiteElo "1873"]
[BlackElo "2019"]
[PlyCount "103"]
[EventDate "2012.07.06"]

1. c4 Nf6 2. g3 e6 3. Bg2 d5 4. cxd5 exd5 5. d4 Bf5 6. Nc3 Nc6 7. a3 Be7 8. Bg5
O-O 9. e3 Be6 10. Nge2 h6 11. Bxf6 Bxf6 12. Nf4 Re8 13. O-O Ne7 14. Nh5 c6 15.
Nxf6+ gxf6 16. h3 Qd7 17. Kh2 Kh7 18. b4 Rg8 19. Qe2 Rg6 20. Qc2 Rag8 21. Ne2
Bf5 22. Qc3 Rg5 23. f3 Qd6 24. Qe1 Bd3 25. f4 R5g7 26. g4 Nf5 27. Qd2 Bxe2 28.
Qxe2 Nh4 29. Bh1 f5 30. Rg1 fxg4 31. hxg4 Qe7 32. g5 Nf5 33. Qd3 Qe6 34. e4
hxg5 35. exf5 Qh6+ 36. Qh3 Qxh3+ 37. Kxh3 gxf4 38. Rxg7+ Rxg7 39. Kh4 Rg3 40.
Ra2 Kg7 41. Rg2 Kf6 42. Rxg3 fxg3 43. Kg4 b6 44. Kf4 Ke7 45. Kxg3 Kd6 46. Kf4
f6 47. Kg4 c5 48. dxc5+ bxc5 49. bxc5+ Kxc5 50. Kh5 Kd4 51. Kg6 Ke5 52. Bxd5
1-0

[Event "International Championship of Central Se"]
[Site "Paracin, hotel "]
[Date "2012.07.09"]
[Round "4.5"]
[White "Zivkovic, Zivojin"]
[Black "Kostic, Tomislav"]
[Result "1/2-1/2"]
[WhiteElo "1991"]
[BlackElo "1833"]
[PlyCount "119"]
[EventDate "2012.07.06"]

1. Nf3 Nf6 2. g3 b6 3. Bg2 Bb7 4. O-O e6 5. d3 Be7 6. e4 d6 7. Nbd2 Nbd7 8. Re1
c5 9. a4 a6 10. c3 Qc7 11. d4 cxd4 12. cxd4 O-O 13. b3 Rac8 14. Ba3 Rfe8 15.
Rc1 Qb8 16. Qe2 Bf8 17. h4 Nxe4 18. Rxc8 Qxc8 19. Nxe4 Bxe4 20. Qxe4 d5 21. Qd3
Bxa3 22. Ng5 Nf6 23. Nf3 Re7 24. Bf1 a5 25. Ne5 Ne4 26. Bg2 Nd6 27. h5 Bb4 28.
Re2 Qc1+ 29. Kh2 Rc7 30. Qa6 Nc8 31. Qb5 Qc3 32. Qe8+ Bf8 33. Nd7 Qb4 34. Qd8
Qd6 35. Qxf8+ Qxf8 36. Nxf8 Kxf8 37. Rb2 Nd6 38. b4 Nc4 39. Rb1 Rc6 40. bxa5
bxa5 41. Rb8+ Ke7 42. Rh8 h6 43. Ra8 Rb6 44. Bf1 Rb4 45. Bxc4 dxc4 46. Rxa5 c3
47. Rc5 Rxa4 48. Rxc3 Rxd4 49. Kh3 e5 50. Ra3 Ke6 51. Ra6+ Rd6 52. Ra5 e4 53.
g4 Rd3+ 54. Kg2 Rf3 55. Ra7 Ke5 56. Re7+ Kd5 57. Re8 Rf4 58. Kg3 Rf3+ 59. Kg2
Rf4 60. Kg3 1/2-1/2

[Event "International Championship of Central Se"]
[Site "Paracin, hotel "]
[Date "2012.07.09"]
[Round "4.6"]
[White "Franca, Veronika"]
[Black "Stefanov, Evtim"]
[Result "1-0"]
[WhiteElo "1849"]
[BlackElo "1969"]
[PlyCount "81"]
[EventDate "2012.07.06"]

1. d4 d5 2. c4 dxc4 3. e3 e5 4. Bxc4 exd4 5. exd4 Nc6 6. d5 Ne5 7. Be2 Nf6 8.
Nc3 Bc5 9. Nf3 Nxf3+ 10. Bxf3 Qe7+ 11. Qe2 Qxe2+ 12. Bxe2 O-O 13. O-O Re8 14.
Bf3 Bg4 15. Bxg4 Nxg4 16. Bf4 Ne5 17. Nb5 Rac8 18. Rac1 Bb6 19. d6 c6 20. d7
Nxd7 21. Nd6 Bc7 22. Nxe8 Bxf4 23. Rcd1 Nb6 24. Nd6 Rb8 25. Nxb7 h5 26. Rd8+
Rxd8 27. Nxd8 c5 28. Re1 Kf8 29. Nc6 a6 30. Re7 g5 31. Ra7 Na4 32. b3 Nc3 33.
Rxa6 Ke8 34. g3 Bc7 35. Ra7 Bd6 36. a4 Ne2+ 37. Kf1 h4 38. a5 Nc3 39. a6 Nb5
40. Rb7 Nc7 41. a7 1-0

[Event "International Championship of Central Se"]
[Site "Paracin, hotel "]
[Date "2012.07.09"]
[Round "4.7"]
[White "Radovanovic, Miroljub B"]
[Black "Milosevic, Rade"]
[Result "0-1"]
[WhiteElo "1953"]
[BlackElo "2099"]
[PlyCount "113"]
[EventDate "2012.07.06"]

1. e4 c6 2. d4 d5 3. e5 Bf5 4. Bd3 Bxd3 5. Qxd3 e6 6. Nf3 a6 7. O-O c5 8. c3
Nc6 9. a3 c4 10. Qc2 Nge7 11. Bg5 h6 12. Bh4 g5 13. Bg3 Ng6 14. Nfd2 Bg7 15. b4
cxb3 16. Nxb3 b6 17. N1d2 O-O 18. Qd3 f5 19. f4 Qd7 20. Qe3 g4 21. Rfb1 Rfb8
22. Be1 Bf8 23. h4 gxh3 24. gxh3 Kh7 25. h4 Qg7 26. Kh2 Be7 27. Nf3 Rg8 28. Rb2
Qf7 29. Bg3 b5 30. a4 b4 31. cxb4 Nxb4 32. Nc5 Bxc5 33. dxc5 a5 34. Rh1 Qd7 35.
Nd4 Ne7 36. Rg2 Rg4 37. Bf2 Rag8 38. Rxg4 Rxg4 39. Rg1 Rxg1 40. Kxg1 Nec6 41.
Nb5 Qg7+ 42. Kh2 Qg6 43. Qe2 h5 44. Be1 Qg4 45. Qxg4 hxg4 46. Bd2 Nd3 47. Nc7
Nxc5 48. Bc1 d4 49. Ne8 Nxa4 50. h5 Nc5 51. Kg3 d3 52. Kh4 Nb3 53. Be3 d2 54.
Nc7 Nbd4 55. Kg5 d1=Q 56. Ne8 g3 57. h6 0-1

[Event "International Championship of Central Se"]
[Site "Paracin, hotel "]
[Date "2012.07.09"]
[Round "4.8"]
[White "Arandjelovic, Aleksandar Z"]
[Black "Djordjevic, Danilo"]
[Result "1-0"]
[WhiteElo "2030"]
[BlackElo "1967"]
[PlyCount "79"]
[EventDate "2012.07.06"]

1. d4 Nf6 2. c4 g6 3. Nc3 Bg7 4. e4 d6 5. f3 O-O 6. Be3 Nc6 7. Qd2 Re8 8. Nge2
e5 9. d5 Ne7 10. g4 h5 11. g5 Nd7 12. h4 a5 13. O-O-O b6 14. Kb1 Ba6 15. Nb5
Bxb5 16. cxb5 Nc5 17. b3 Nc8 18. Qc2 Re7 19. Bh3 Na7 20. a4 Nc8 21. Rhg1 Re8
22. Ka2 Qe7 23. Ng3 Na7 24. Qc3 Kh8 25. Rd2 Rf8 26. Nf1 f5 27. gxf6 Qxf6 28.
Rg3 Rg8 29. Rdg2 Bf8 30. Nd2 Nc8 31. Bxc8 Rxc8 32. f4 Rg7 33. Rg5 Nd7 34. Nf3
exf4 35. Bd4 Ne5 36. Nxe5 dxe5 37. Bxe5 Qe7 38. Rxg6 f3 39. Bxg7+ Bxg7 40. Rxg7
1-0

[Event "International Championship of Central Se"]
[Site "Paracin, hotel "]
[Date "2012.07.09"]
[Round "4.9"]
[White "Lazovic, Bozidar"]
[Black "Radovic, Janko"]
[Result "0-1"]
[WhiteElo "1802"]
[BlackElo "2024"]
[PlyCount "120"]
[EventDate "2012.07.06"]

1. Nf3 Nf6 2. g3 b6 3. Bg2 Bb7 4. O-O e6 5. d3 Be7 6. Nbd2 c5 7. Qe1 d5 8. e4
Nc6 9. exd5 exd5 10. Ne5 Nxe5 11. Qxe5 O-O 12. Nf3 Bd6 13. Qe1 h6 14. Bd2 Qd7
15. Qc1 Rfe8 16. Re1 d4 17. a4 Bd5 18. b3 Qc6 19. Nh4 Bxg2 20. Nxg2 Ng4 21. Bf4
Rxe1+ 22. Nxe1 Re8 23. h3 Ne5 24. Qd2 Qd5 25. Bxe5 Rxe5 26. Ng2 Qe6 27. Re1
Qxh3 28. Rxe5 Bxe5 29. Qe2 Qe6 30. Qe4 a5 31. Nf4 Bxf4 32. Qxf4 Kh7 33. Kg2 g6
34. Qf3 Kg7 35. Qf4 Qd5+ 36. Kg1 Qg5 37. Qd6 Qf6 38. Qc7 h5 39. Kg2 g5 40. Qc8
Qe6 41. Qa8 h4 42. Qf3 hxg3 43. Qxg3 Kg6 44. Qb8 f6 45. Qa8 Kf5 46. Qf3+ Ke5
47. Qg3+ Kd5 48. Qc7 Qd6 49. Qf7+ Ke5 50. Qg6 Qe6 51. Qg7 Kf4 52. Qc7+ Kg4 53.
f3+ Kf5 54. Qa7 Kf4 55. Qh7 Ke3 56. Kf1 Kxf3 57. Qh5+ Qg4 58. Qh1+ Ke3 59. Qh8
Qf4+ 60. Kg1 Qg3+ 0-1

[Event "International Championship of Central Se"]
[Site "Paracin, hotel "]
[Date "2012.07.09"]
[Round "4.10"]
[White "Radovic, Luka"]
[Black "Mirkovic, Dejan"]
[Result "1/2-1/2"]
[WhiteElo "1982"]
[BlackElo "1919"]
[PlyCount "63"]
[EventDate "2012.07.06"]

1. Nf3 Nf6 2. c4 Nc6 3. g3 d5 4. cxd5 Nxd5 5. Bg2 Bf5 6. d3 Nb6 7. O-O e6 8.
Nc3 Be7 9. a3 O-O 10. b3 Rb8 11. Bb2 a6 12. Qc2 Bg4 13. e3 Bxf3 14. Bxf3 Ne5
15. Be2 Ng6 16. d4 c6 17. Rfd1 Bd6 18. Ne4 Bc7 19. Nc5 Qe7 20. Rac1 Bd6 21. b4
Rfe8 22. f4 Nd7 23. Qb3 Nf6 24. Bf3 Nf8 25. e4 N6d7 26. Qc3 f6 27. Qb3 Kh8 28.
Bg4 Nxc5 29. bxc5 Bc7 30. Rc4 b6 31. cxb6 Bxb6 32. Qc2 1/2-1/2

[Event "International Championship of Central Se"]
[Site "Paracin, hotel "]
[Date "2012.07.09"]
[Round "4.11"]
[White "Tomic, Slobodan"]
[Black "Stojkovic, Dragan D"]
[Result "1-0"]
[WhiteElo "2090"]
[BlackElo "1872"]
[PlyCount "81"]
[EventDate "2012.07.06"]

1. d4 d6 2. c4 Nd7 3. Nc3 e6 4. e4 Ne7 5. Nf3 Ng6 6. Be2 Be7 7. O-O O-O 8. Be3
Nf6 9. Qc2 Nh5 10. g3 Nf6 11. Rfd1 Qe8 12. h3 Nd7 13. Kh2 e5 14. Bg5 f6 15. Be3
Kh8 16. Ne1 Nb8 17. Bd3 Qd7 18. Bf1 Nc6 19. Ne2 f5 20. dxe5 Ncxe5 21. f4 fxe4
22. Qxe4 Qe6 23. Nc3 Nxc4 24. Qxc4 Qxe3 25. Qxc7 Nxf4 26. Ng2 Nxg2 27. Bxg2 Rf2
28. Rf1 Bxh3 29. Rxf2 Qxf2 30. Kxh3 Qf5+ 31. Kh2 Qf6 32. Qxb7 Rf8 33. Qe4 Qh6+
34. Kg1 Bd8 35. Nd5 Qg5 36. Qd3 Bb6+ 37. Nxb6 Qc5+ 38. Kh2 axb6 39. Rf1 Qh5+
40. Bh3 Re8 41. Qf3 1-0

[Event "International Championship of Central Se"]
[Site "Paracin, hotel "]
[Date "2012.07.09"]
[Round "4.12"]
[White "Glisic, Tomislav"]
[Black "Radzhabov, Rodion"]
[Result "0-1"]
[WhiteElo "2075"]
[BlackElo "1867"]
[PlyCount "120"]
[EventDate "2012.07.06"]

1. e4 e5 2. Nf3 Nc6 3. Bc4 Be7 4. c3 Nf6 5. d4 d6 6. d5 Nb8 7. h3 Nxe4 8. O-O
O-O 9. Nbd2 Nf6 10. Qc2 Nbd7 11. Bd3 Nc5 12. Bc4 c6 13. b4 Ncd7 14. dxc6 bxc6
15. Bb3 d5 16. Re1 Bd6 17. Bb2 Bb7 18. a3 a5 19. Nf1 e4 20. Nd4 Ne5 21. Nf5 Nd3
22. Re2 Be5 23. Rd1 Ba6 24. Red2 Qd7 25. N1e3 Rab8 26. Ba1 Rfc8 27. Ba4 Qc7 28.
Bb3 Rd8 29. g3 c5 30. bxc5 Qxc5 31. Qa2 Bc8 32. Kg2 Be6 33. Nd4 Bxd4 34. cxd4
Qc8 35. Rh1 Nc1 36. Rxc1 Qxc1 37. Rc2 Qxa1 38. Qxa1 Rxb3 39. Rc5 Ra8 40. Qc1
Rd3 41. Qb2 h6 42. Qb7 Re8 43. Qb2 a4 44. g4 Rb3 45. Qa2 Reb8 46. Rc2 Ne8 47.
Nd1 Nd6 48. Rb2 Nc4 49. Rxb3 axb3 50. Qa1 b2 51. Nxb2 Rxb2 52. a4 Rb3 53. Qd1
Ra3 54. h4 e3 55. f4 Ra2+ 56. Kf3 Rf2+ 57. Kg3 e2 58. Qe1 Rf1 59. Qxe2 Rg1+ 60.
Kh2 Rb1 0-1

[Event "International Championship of Central Se"]
[Site "Paracin, hotel "]
[Date "2012.07.09"]
[Round "4.13"]
[White "Cvetic, Milan"]
[Black "Rajic, Milovan"]
[Result "0-1"]
[WhiteElo "2063"]
[BlackElo "1865"]
[PlyCount "108"]
[EventDate "2012.07.06"]

1. e4 e5 2. Nf3 Nc6 3. d4 exd4 4. Nxd4 Bc5 5. Be3 Qf6 6. c3 Nge7 7. Nc2 Bxe3 8.
Nxe3 O-O 9. Be2 d6 10. O-O a6 11. Nd2 Be6 12. f4 Qh6 13. Rf3 f5 14. exf5 Nxf5
15. Nxf5 Rxf5 16. g3 d5 17. Re3 Rff8 18. Nf3 Rad8 19. Ng5 Bc8 20. Bf3 Qd6 21.
Qc2 Bf5 22. Qg2 h6 23. Nh3 d4 24. Ree1 d3 25. Rad1 Rfe8 26. Rxe8+ Rxe8 27. g4
Be6 28. Nf2 Bxa2 29. Nxd3 Bb3 30. Re1 Rxe1+ 31. Nxe1 Qxf4 32. Qe2 Ne5 33. Bxb7
Bc4 34. Qg2 Nxg4 35. Bd5+ Bxd5 36. Qxd5+ Kh8 37. Qd8+ Kh7 38. Qd3+ Kg8 39. Qd5+
Kf8 40. Qd8+ Kf7 41. Qd7+ Kg6 42. Qe8+ Kg5 43. h4+ Kf5 44. Qf7+ Ke4 45. Qg6+
Kd5 46. c4+ Kd4 47. Qxg7+ Kxc4 48. Qc3+ Kb5 49. Qb3+ Kc6 50. Qc2+ Kb6 51. Qg2
Qd4+ 52. Kh1 Nf2+ 53. Kg1 Nd1+ 54. Kh1 Qxh4+ 0-1

[Event "International Championship of Central Se"]
[Site "Paracin, hotel "]
[Date "2012.07.09"]
[Round "4.14"]
[White "Korbovljanovic, Natasa"]
[Black "Djuretanovic, Ivan"]
[Result "0-1"]
[WhiteElo "1844"]
[BlackElo "2051"]
[PlyCount "132"]
[EventDate "2012.07.06"]

1. e4 e5 2. Nf3 Nc6 3. Bb5 f5 4. exf5 Nf6 5. O-O Bc5 6. d3 O-O 7. Nc3 d6 8. Ne4
Bb6 9. Bg5 Bxf5 10. Bxf6 gxf6 11. Nh4 Be6 12. Qh5 Qd7 13. Rae1 Qf7 14. Qh6 Qg7
15. Qxg7+ Kxg7 16. Bxc6 bxc6 17. Kh1 Bd4 18. b3 a5 19. c3 Bb6 20. Ng3 a4 21.
Ngf5+ Kf7 22. c4 axb3 23. axb3 Ra2 24. f4 Bf2 25. Ra1 Rfa8 26. Rxa2 Rxa2 27.
Nh6+ Ke7 28. fxe5 fxe5 29. N6f5+ Kd7 30. Ng3 d5 31. Nf3 Kd6 32. Rb1 Rc2 33. Rd1
Bg4 34. Nf1 Kc5 35. N1d2 Kb4 36. Ra1 Bxf3 37. Nxf3 e4 38. dxe4 dxe4 39. Ne5 Bd4
40. Nxc6+ Kc5 41. Nxd4 Kxd4 42. Kg1 e3 43. Rd1+ Rd2 44. Re1 Kd3 45. Kf1 Rf2+
46. Kg1 Rb2 47. Kf1 Rxb3 48. Rd1+ Kxc4 49. Ke2 c5 50. Rc1+ Rc3 51. Rd1 Rc2+ 52.
Kxe3 Rxg2 53. Rc1+ Kb4 54. Rb1+ Kc3 55. h4 Rh2 56. Rc1+ Kb4 57. Rb1+ Kc4 58.
Rc1+ Kb5 59. Rb1+ Kc6 60. Kd3 Rxh4 61. Rf1 h5 62. Rf6+ Kb5 63. Rf5 Rh3+ 64. Ke2
Kb4 65. Rf8 h4 66. Rb8+ Kc4 0-1

[Event "International Championship of Central Se"]
[Site "Paracin, hotel "]
[Date "2012.07.09"]
[Round "4.15"]
[White "Majstorovic, Dusan"]
[Black "Ristic, Dejan D"]
[Result "1-0"]
[WhiteElo "2050"]
[BlackElo "1844"]
[PlyCount "69"]
[EventDate "2012.07.06"]

1. e4 c5 2. Nf3 d6 3. d4 cxd4 4. Nxd4 Nf6 5. Nc3 a6 6. Be2 e6 7. Be3 Be7 8. Qd2
b5 9. a3 Bb7 10. f3 O-O 11. g4 Nfd7 12. g5 Nc6 13. h4 Re8 14. Kf2 Nf8 15. Rag1
Nxd4 16. Qxd4 Nd7 17. Qd2 Rc8 18. h5 Nf8 19. Rg4 Qc7 20. Bd3 Qc6 21. Kf1 d5 22.
Qh2 Qd7 23. g6 fxg6 24. hxg6 Bxa3 25. gxh7+ Kh8 26. Rhg1 Bd6 27. e5 Re7 28.
exd6 Rf7 29. Bd4 e5 30. Bxe5 Rxf3+ 31. Ke1 Ne6 32. Rxg7 Nxg7 33. Bxg7+ Qxg7 34.
Rxg7 Kxg7 35. Qg2+ 1-0

[Event "International Championship of Central Se"]
[Site "Paracin, hotel "]
[Date "2012.07.09"]
[Round "4.16"]
[White "Jakovljevic, Dejan"]
[Black "Antic, Nenad"]
[Result "1-0"]
[WhiteElo "1838"]
[BlackElo "2031"]
[PlyCount "79"]
[EventDate "2012.07.06"]

1. e4 e5 2. d4 exd4 3. Qxd4 Nc6 4. Qe3 Nf6 5. Nc3 Bb4 6. Bd2 O-O 7. O-O-O Re8
8. Qg3 Nxe4 9. Nxe4 Rxe4 10. c3 Be7 11. f4 Bh4 12. Qf3 d5 13. Bd3 Re8 14. g3
Bf6 15. h4 d4 16. g4 Be6 17. c4 Qc8 18. Re1 Rd8 19. g5 Be7 20. f5 Bd7 21. f6
Bd6 22. fxg7 Ne5 23. Rxe5 Bxe5 24. Qe4 Bxg7 25. Qxh7+ Kf8 26. h5 Bc6 27. Bb4+
Rd6 28. Bxd6+ cxd6 29. Bf5 Qe8 30. h6 Qe1+ 31. Kc2 Ba4+ 32. b3 Qc3+ 33. Kd1
Qa1+ 34. Bb1 Be5 35. bxa4 Qb2 36. Qc2 Qb4 37. Qb3 Qc5 38. g6 fxg6 39. h7 Kg7
40. Qxb7+ 1-0

[Event "International Championship of Central Se"]
[Site "Paracin, hotel "]
[Date "2012.07.09"]
[Round "4.17"]
[White "Pantic, Radosav"]
[Black "Tosic, Dragoljub"]
[Result "0-1"]
[WhiteElo "1830"]
[BlackElo "1998"]
[PlyCount "106"]
[EventDate "2012.07.06"]

1. d4 Nf6 2. c4 g6 3. Nc3 Bg7 4. e4 d6 5. Nf3 O-O 6. Be2 c6 7. O-O Nbd7 8. Qc2
e5 9. dxe5 dxe5 10. h3 Qc7 11. Rd1 Nh5 12. Be3 Nf4 13. Bf1 Nf6 14. Bc5 Rd8 15.
Rxd8+ Qxd8 16. Nxe5 Nd7 17. Nxd7 Bxd7 18. Be3 Ne6 19. Ne2 Qe7 20. Rd1 Be8 21.
b3 b6 22. f4 Nc5 23. e5 f6 24. b4 Nb7 25. Bd4 fxe5 26. Bxe5 Bxe5 27. fxe5 Qxe5
28. Qc3 Qe7 29. Nf4 Bf7 30. b5 cxb5 31. Nd5 Bxd5 32. Rxd5 b4 33. Qd4 Nc5 34.
Re5 Qf7 35. Qe3 Rf8 36. Be2 Qf4 37. Bf3 Qxe3+ 38. Rxe3 Kg7 39. Bd5 a5 40. Re7+
Kh6 41. Ra7 a4 42. h4 g5 43. hxg5+ Kxg5 44. Bc6 b3 45. Bxa4 b2 46. Bc2 Rf4 47.
Rg7+ Kf6 48. Rxh7 Rxc4 49. Rh6+ Ke7 50. Bh7 Rc1+ 51. Kf2 b1=Q 52. Bxb1 Rxb1 53.
Kf3 Ne6 0-1

[Event "International Championship of Central Se"]
[Site "Paracin, hotel "]
[Date "2012.07.09"]
[Round "4.18"]
[White "Matsenko, Elena"]
[Black "Nikolic, Milan"]
[Result "0-1"]
[WhiteElo "1996"]
[BlackElo "1857"]
[PlyCount "58"]
[EventDate "2012.07.06"]

1. e4 d5 2. exd5 Qxd5 3. Nc3 Qa5 4. d4 c6 5. Bc4 Bf5 6. Nf3 Nd7 7. O-O e6 8.
Bb3 Bd6 9. Qe2 Ne7 10. h3 h6 11. Ne4 Bxe4 12. Qxe4 Nf6 13. Qe2 O-O 14. Bd2 Qb6
15. c4 c5 16. Bc3 Nh5 17. dxc5 Qxc5 18. Bd4 Nf4 19. Qe3 Qh5 20. Bc2 Nf5 21.
Bxf5 Qxf5 22. Be5 Bxe5 23. Nxe5 Qg5 24. Ng4 f5 25. Kh2 fxg4 26. g3 Nxh3 27.
Qxe6+ Kh8 28. f4 Qh5 29. Kg2 Rae8 0-1

[Event "International Championship of Central Se"]
[Site "Paracin, hotel "]
[Date "2012.07.09"]
[Round "4.19"]
[White "Milosavljevic, Delimir"]
[Black "Nikolic, Vladimir"]
[Result "1/2-1/2"]
[WhiteElo "1824"]
[BlackElo "1987"]
[PlyCount "120"]
[EventDate "2012.07.06"]

1. c4 e5 2. Nc3 Nf6 3. Nf3 Nc6 4. g3 Be7 5. Bg2 O-O 6. O-O d5 7. cxd5 Nxd5 8.
Nxd5 Qxd5 9. d3 Qd6 10. a3 Be6 11. b4 a6 12. Bb2 Bd5 13. Rc1 Rac8 14. Qc2 f6
15. e3 Qe6 16. Rfe1 Qf7 17. Qc3 Bd6 18. e4 Be6 19. Qd2 Rfd8 20. Qe3 Rd7 21. Nd2
Nd4 22. Nc4 Bxc4 23. dxc4 c5 24. Bxd4 cxd4 25. Qd3 Qe6 26. f4 Rdc7 27. Qf1 Qf7
28. c5 Bf8 29. fxe5 fxe5 30. Qd3 Qe6 31. Bf1 Kh8 32. Qf3 Be7 33. Qh5 Rf8 34.
Bh3 Qf7 35. Qxe5 Bf6 36. Qd5 Qg6 37. Qd6 Rcf7 38. Be6 Re7 39. Bf5 Qe8 40. Qf4
g6 41. Bh3 Bg7 42. Qd6 Rxe4 43. Rf1 Rxf1+ 44. Rxf1 Re1 45. Qf4 d3 46. Qf2 Re2
47. Qf3 h5 48. Qxd3 Re3 49. Qd5 h4 50. Qf7 hxg3 51. Qxe8+ Rxe8 52. hxg3 Re7 53.
Bg2 Bb2 54. Rf3 Kg7 55. a4 a5 56. bxa5 Bd4+ 57. Kh2 Re5 58. Rb3 Rh5+ 59. Bh3
Rxc5 60. Rxb7+ Kf6 1/2-1/2

[Event "International Championship of Central Se"]
[Site "Paracin, hotel "]
[Date "2012.07.09"]
[Round "4.20"]
[White "Majcen, Zoran"]
[Black "Arsic, Djordje"]
[Result "1-0"]
[WhiteElo "1809"]
[BlackElo "1949"]
[PlyCount "57"]
[EventDate "2012.07.06"]

1. d4 Nf6 2. Nf3 e6 3. Bf4 b6 4. Nbd2 Bb7 5. e3 c5 6. c3 Be7 7. h3 O-O 8. Rc1
d6 9. Be2 Nbd7 10. O-O Qc7 11. Bh2 Rac8 12. Ne1 cxd4 13. exd4 Rfe8 14. Bf3 Nd5
15. c4 Ba6 16. Nd3 N5f6 17. Nb4 Bb7 18. Bxb7 Qxb7 19. Nd3 d5 20. Ne5 Nxe5 21.
dxe5 Nd7 22. Qf3 Bg5 23. Qd3 Bxd2 24. Qxd2 dxc4 25. Rfd1 Nf8 26. Qb4 Qa6 27. a3
Rc5 28. Rd6 Ng6 29. Qxc4 1-0

[Event "International Championship of Central Se"]
[Site "Paracin, hotel "]
[Date "2012.07.09"]
[Round "4.21"]
[White "Stojanovic, Vladimir M"]
[Black "Ljuboja, Ognjen"]
[Result "0-1"]
[WhiteElo "1949"]
[BlackElo "1830"]
[PlyCount "87"]
[EventDate "2012.07.06"]

1. d4 Nf6 2. Nf3 e6 3. Bg5 Be7 4. e3 b6 5. Bd3 Bb7 6. Nbd2 O-O 7. c3 d6 8. Qc2
Nbd7 9. O-O-O h6 10. h4 c5 11. Rh3 Rc8 12. Kb1 cxd4 13. exd4 Nd5 14. Bxe7 Qxe7
15. Ne4 Nb4 16. Qe2 Nxd3 17. Qxd3 Nf6 18. Nxf6+ Qxf6 19. g4 Qf4 20. Qe3 Qxg4
21. Rg3 Qe4+ 22. Kc1 Qxe3+ 23. fxe3 Bxf3 24. Rxf3 b5 25. Kc2 b4 26. Kd3 bxc3
27. bxc3 d5 28. Rb1 Rc7 29. e4 Rfc8 30. Rb3 dxe4+ 31. Kxe4 f6 32. h5 Rc4 33.
Kd3 R8c7 34. Kd2 Ra4 35. a3 Rd7 36. Rd3 Ra5 37. c4 Rxh5 38. c5 Rhd5 39. Ke3 e5
40. Rb8+ Kh7 41. c6 exd4+ 42. Ke4 Re5+ 43. Kf3 Rde7 44. Rxd4 0-1

[Event "International Championship of Central Se"]
[Site "Paracin, hotel "]
[Date "2012.07.09"]
[Round "4.22"]
[White "Khafizova, Yana"]
[Black "Milutinovic, Bojan"]
[Result "1/2-1/2"]
[WhiteElo "1934"]
[BlackElo "1815"]
[Annotator "Milojevic,Boban"]
[PlyCount "63"]
[EventDate "2012.07.06"]

1. d4 d5 2. c4 e6 3. Nc3 Nf6 4. Bg5 Nbd7 5. e3 c6 6. Qc2 Qa5 7. c5 b6 8. cxb6
axb6 9. Bxf6 Nxf6 10. Bd3 Be7 11. Nf3 O-O 12. O-O c5 13. Qe2 c4 14. Bc2 b5 15.
a3 Bb7 16. h3 Ne4 17. Nxe4 dxe4 18. Nd2 f5 19. f3 c3 20. b4 Qc7 21. Nb3 exf3
22. gxf3 Rf6 23. Kh1 Qg3 24. Qg2 Rg6 25. Qxg3 Rxg3 26. e4 Rxh3+ 27. Kg2 Rh5 28.
Na5 Rb8 29. Bd3 fxe4 30. fxe4 Ba8 31. Rac1 Rc8 32. Nb3 {unreadable} 1/2-1/2

[Event "International Championship of Central Se"]
[Site "Paracin, hotel "]
[Date "2012.07.09"]
[Round "4.23"]
[White "Ratkovic, Petar"]
[Black "Kosir, Franci"]
[Result "1/2-1/2"]
[WhiteElo "1527"]
[BlackElo "1925"]
[PlyCount "41"]
[EventDate "2012.07.06"]

1. d4 Nf6 2. Nf3 e6 3. e3 b6 4. b3 Bb7 5. Bb2 Be7 6. Bd3 O-O 7. O-O c5 8. Nbd2
d5 9. Qe2 Ne4 10. Rfd1 f5 11. c4 Nd7 12. Rac1 Rc8 13. cxd5 exd5 14. Ba6 Bxa6
15. Qxa6 Rc7 16. Qe2 Bf6 17. Nf1 Qa8 18. Ng3 g6 19. dxc5 bxc5 20. Bxf6 Ndxf6
21. Ne5 1/2-1/2

[Event "International Championship of Central Se"]
[Site "Paracin, hotel "]
[Date "2012.07.09"]
[Round "4.24"]
[White "Brankovic, Slavoljub"]
[Black "Cokan, Mirko"]
[Result "1/2-1/2"]
[WhiteElo "1920"]
[BlackElo "1800"]
[Annotator "Milojevic,Boban"]
[PlyCount "54"]
[EventDate "2012.07.06"]

1. Nf3 Nc6 2. d3 d5 3. g3 e5 4. Bg2 Bd6 5. b3 Nf6 6. Bb2 h6 7. Nbd2 O-O 8. O-O
Re8 9. e3 Nb8 10. c4 c6 11. Kh1 Nbd7 12. Re1 Nf8 13. cxd5 cxd5 14. Ng1 Bd7 15.
f4 exf4 16. exf4 Rxe1 17. Qxe1 N6h7 18. Ngf3 Qb6 19. Ne5 Bxe5 20. fxe5 Ng5 21.
d4 h5 22. h3 Nxh3 23. Bxd5 Bc6 24. Bxc6 Qxc6+ 25. Kh2 Re8 26. Qe2 Rc8 27. Re1
Ng5 {unreadable} 1/2-1/2

[Event "International Championship of Central Se"]
[Site "Paracin, hotel "]
[Date "2012.07.09"]
[Round "4.26"]
[White "Nadvesnik, Vilma"]
[Black "Barbul, Ionel"]
[Result "1-0"]
[WhiteElo "1906"]
[BlackElo "1778"]
[Annotator "Milojevic,Boban"]
[PlyCount "36"]
[EventDate "2012.07.06"]

1. e4 c5 2. Nf3 Nc6 3. d4 cxd4 4. Nxd4 Nf6 5. Nc3 e5 6. Nf5 d6 7. a4 Be7 8. Bg5
a6 9. Bxf6 gxf6 10. Ng3 f5 11. f3 O-O 12. Bc4 Kh8 13. Nd5 fxe4 14. fxe4 f5 15.
Nxe7 Qxe7 16. O-O fxe4 17. Rxf8+ Qxf8 18. Qd5 Bf5 {unreadable} 1-0

[Event "International Championship of Central Se"]
[Site "Paracin, hotel "]
[Date "2012.07.09"]
[Round "4.27"]
[White "Stojadinovic, Tomislav"]
[Black "Vasilev, Martin"]
[Result "1/2-1/2"]
[WhiteElo "1896"]
[BlackElo "1596"]
[PlyCount "115"]
[EventDate "2012.07.06"]

1. e4 e5 2. Nf3 d6 3. Bc4 Be7 4. c3 Nf6 5. d3 O-O 6. h3 c6 7. a4 Nbd7 8. O-O
Qc7 9. Re1 Nb6 10. Ba2 h6 11. a5 Nbd7 12. Nbd2 Kh8 13. Nf1 Qxa5 14. Nh4 Qd8 15.
Nf5 Kh7 16. N1g3 Nc5 17. b4 Ne6 18. d4 c5 19. Nxe7 Qxe7 20. d5 Nf4 21. bxc5
dxc5 22. Bb1 Ng6 23. Nf5 Qd8 24. Be3 b6 25. Qd2 Ng8 26. f4 Qf6 27. Rf1 Bxf5 28.
fxe5 Nxe5 29. Rxf5 Qe7 30. Qe2 f6 31. Bc2 Qe8 32. Raf1 Ne7 33. R5f2 Rd8 34. Bf4
N7g6 35. Bg3 Nh8 36. Rf5 Nhf7 37. h4 Nd6 38. R5f2 Kg8 39. h5 Qb5 40. Qd1 Qe8
41. Bf4 Nb5 42. Bd2 Qe7 43. Rf5 Nd6 44. R5f2 Nec4 45. Bf4 Rfe8 46. Bd3 Ne5 47.
Bc2 Nef7 48. Re1 Qd7 49. Qf3 Ne5 50. Bxe5 fxe5 51. Qg3 Nf7 52. Ref1 Ng5 53. Rf5
Qc7 54. c4 a6 55. Ra1 Ra8 56. Qe3 Nf7 57. Qg3 b5 58. Rf6 1/2-1/2